Operating systems / (رقم التسجيلة. 30518)
[ عرض عادي ]
| 000 -الفاتح | |
|---|---|
| حقل البيانات ثابتة الطول | 00739cam a2200217 a 4500 |
| 001 - رقم الضبط | |
| رقم الضبط | 14123485 |
| 003 - محدد رقم الضبط | |
| رقم الضبط | OSt |
| 005 - وقت وتاريخ اخر تعامل مع التسجيلة | |
| رقم الضبط | 20150408114138.0 |
| 008 - عناصر البيانات ثابتة الطول - معلومات عامة | |
| حقل البيانات ثابتة الطول | 050928s2006 njua b 001 0ceng |
| 020 ## - الرقم الدولى المعيارى للكتب | |
| الرقم الدولى المعيارى للكتاب | 9788184311334 |
| 040 ## - مصدر الفهرسة | |
| وكالة الفهرسة الأصلية | Ma-Un |
| 082 00 - رقم تصنيف ديوى العشرى | |
| رقم التصنيف | 005.43 |
| رقم الطبعة | 22 |
| 100 1# - المدخل الرئيسى - إسم شخصى | |
| الإسم الشخصى | Dhotre, I. A. |
| 9 (RLIN) | 38149 |
| 245 10 - بيان العنوان | |
| العنوان | Operating systems / |
| بيان المسئوليه,etc | I. A. Dhotre |
| 260 ## - PUBLICATION, DISTRIBUTION, ETC. (IMPRINT) | |
| مكان الناشر او الموزع | New Delhi |
| اسم الناشر او الموزع | Technical Publications |
| تاريخ النشر أو التوزيع | c2006. |
| 300 ## - الوصف المادى | |
| التعداد | V, : |
| تفاصيل ماديه اخرى للوعاء | ill. ; |
| أبعاد الوعاء | 24 cm. |
| 504 ## - تبصرة ببليوجرافية | |
| تبصرة ببليوجرافية,الخ | Includes bibliographical references and indexes. |
| 538 ## - تبصرة تفاصيل النظام | |
| تبصرة التفاصيل الفنية لملف الحاسب | System requirements: PC with a Pentium or compatible processor; 16 Mb or more of RAM; 200 Mb of free disk space; IDE CD-ROM driver; IDE hard disk. |
| 650 #0 - المدخل الاضافى بالموضوع-مصطلح موضوعى | |
| مصطلح موضوعي أو اسم جغرافي كعنصر مدخل | Operating systems (Computers) |
| 942 ## - عناصر المدخل الإضافي( كوها) | |
| مصدر التصنيف او مخطط الترفيف | Dewey Decimal Classification |
| Koha [default] item type | كتاب |
| حالة الفقد | نموذج السعر الفعال | حالة تلف | ليس للاعارة | رقم الطلب | رقم النسخة | تاريخ الاكتساب | الموقع الحالي | الباركود | الفرع الرئيسي | Date last checked out | Date last seen | نوع المادة فى نظام كوها | مصدر التصنيف او خطة الترفيف | Total Checkouts |
|---|---|---|---|---|---|---|---|---|---|---|---|---|---|---|
| 2013-10-26 | 005.43 DIO | n1 | 2013-10-26 | المكتبة المركزية بالمجمعة (CL) | 00451750 | المكتبة المركزية بالمجمعة (CL) | 2015-08-31 | 2015-08-31 | كتاب | Dewey Decimal Classification | 2 | |||
| 2013-10-26 | 005.43 DIO | n2 | 2013-10-26 | المكتبة المركزية بالمجمعة (CL) | 00451748 | المكتبة المركزية بالمجمعة (CL) | 2013-10-26 | كتاب | Dewey Decimal Classification | |||||
| 2013-10-26 | Not For Loan | 005.43 DIO | n3 | 2013-10-26 | المكتبة المركزية بالمجمعة (CL) | 00451746 | المكتبة المركزية بالمجمعة (CL) | 2013-10-26 | كتاب | Dewey Decimal Classification | ||||
| 2013-10-26 | 005.43 DIO | n1 | 2013-10-26 | مكتبة مجمع الكليات بالزلفى - طلاب (SZM) | 00451749 | مكتبة مجمع الكليات بالزلفى - طلاب (SZM) | 2013-10-26 | كتاب | Dewey Decimal Classification | |||||
| 2013-10-26 | 005.43 DIO | n2 | 2013-10-26 | مكتبة مجمع الكليات بالزلفى - طلاب (SZM) | 00451747 | مكتبة مجمع الكليات بالزلفى - طلاب (SZM) | 2014-08-31 | 2015-03-05 | كتاب | Dewey Decimal Classification | 1 | |||
| 2013-10-26 | Not For Loan | 005.43 DIO | n3 | 2013-10-26 | مكتبة مجمع الكليات بالزلفى - طلاب (SZM) | 00451745 | مكتبة مجمع الكليات بالزلفى - طلاب (SZM) | 2013-10-26 | كتاب | Dewey Decimal Classification |
